[Event "Stuttgarter Stadtmeisterschaft B-Turnier"]
[Site "Ditzingen"]
[Date "2009.05.23"]
[Round "5.22"]
[White "Zimmermann, Tobias"]
[Black "Pfeilsticker, Thorsten"]
[Result "1-0"]
[WhiteElo "1729"]
[BlackElo "1567"]
[PlyCount "85"]
[EventDate "2009.??.??"]

1. e4 a6 2. d4 b5 3. Bd3 Bb7 4. f4 e6 5. Nf3 Nf6 6. Qe2 c5 7. c3 cxd4 8. cxd4
Nc6 9. Nbd2 Qb6 10. Nb3 Bb4+ 11. Bd2 Bxd2+ 12. Qxd2 Rc8 13. a3 b4 14. O-O a5
15. a4 O-O 16. Kh1 Ba6 17. Bxa6 Qxa6 18. Nc5 Qa7 19. e5 Ne8 20. Rac1 d6 21. Ne4
d5 22. Nc5 g6 23. Rc2 Ng7 24. Rfc1 Rfe8 25. Ng5 Nf5 26. Ncxe6 fxe6 27. Rxc6
Rxc6 28. Rxc6 Nxd4 29. Rd6 Qc5 30. h3 h6 31. Ne4 Qc4 32. Nf6+ Kf7 33. Nxe8 Qf1+
34. Kh2 Ne2 35. Qe3 d4 36. Rxd4 Nxd4 37. Nd6+ Kg7 38. Qxd4 h5 39. Qa7+ Kg8 40.
Qb8+ Kg7 41. Qc7+ Kg8 42. Qf7+ Kh8 43. Ne8 1-0

[Event "Stuttgarter Stadtmeisterschaft B-Turnier"]
[Site "Ditzingen"]
[Date "2009.05.23"]
[Round "5.23"]
[White "Hegel, Pius"]
[Black "Lörincz, Benjamin"]
[Result "0-1"]
[WhiteElo "1526"]
[BlackElo "1898"]
[PlyCount "82"]
[EventDate "2009.??.??"]

1. Nf3 g6 2. d4 Bg7 3. c4 d6 4. Nc3 Nf6 5. Bg5 h6 6. Bh4 O-O 7. e4 Nc6 8. h3 e5
9. d5 Ne7 10. Bd3 Nh5 11. Qd2 Nf4 12. Bf1 Qe8 13. g3 Nh5 14. g4 Nf4 15. Bg3 f5
16. exf5 gxf5 17. O-O-O fxg4 18. hxg4 Bxg4 19. Be2 Nxe2+ 20. Nxe2 Bxf3 21. Rh2
Qa4 22. Nc3 Qxc4 23. Rg1 Nf5 24. Kb1 Rf6 25. Rc1 h5 26. Qg5 Qd3+ 27. Ka1 Nd4
28. a4 Nb3+ 29. Ka2 Nxc1+ 30. Qxc1 Bxd5+ 31. Nxd5 Qxd5+ 32. Ka1 Rf7 33. Rxh5
Qb3 34. Rh4 d5 35. Qb1 e4 36. Qa2 Qd1+ 37. Qb1 Qxa4+ 38. Qa2 Qxa2+ 39. Kxa2 c6
40. Rg4 Re8 41. Bf4 Rxf4 0-1

[Event "Stuttgarter Stadtmeisterschaft B-Turnier"]
[Site "Ditzingen"]
[Date "2009.05.23"]
[Round "5.24"]
[White "Lörincz, Peter"]
[Black "Herdt, Wladimir"]
[Result "0-1"]
[WhiteElo "1650"]
[BlackElo "1862"]
[PlyCount "68"]
[EventDate "2009.??.??"]

1. e4 e6 2. d4 d5 3. e5 c5 4. c3 Nc6 5. Nf3 Bd7 6. Nbd2 cxd4 7. cxd4 Rc8 8. a3
Nge7 9. b4 Nf5 10. Nb3 Be7 11. Bd3 O-O 12. O-O f6 13. Bb2 b6 14. Nc1 a5 15. b5
Nb8 16. a4 Be8 17. Ne2 Nd7 18. Ng3 Nxg3 19. hxg3 Bh5 20. Qb1 f5 21. Nh2 Qe8 22.
Qe1 Bb4 23. Qe3 Qe7 24. Rac1 Ba3 25. Bxa3 Qxa3 26. Ra1 Qe7 27. f4 Rc3 28. g4
Bg6 29. Rac1 Rfc8 30. Rxc3 Rxc3 31. Qd2 Qa3 32. gxf5 Rxd3 33. Qc2 Rc3 34. Rf3
Qa1+ 0-1

[Event "Stuttgarter Stadtmeisterschaft B-Turnier"]
[Site "Ditzingen"]
[Date "2009.05.23"]
[Round "5.25"]
[White "Gheng, Hannelore"]
[Black "Baumeister, Jürgen"]
[Result "0-1"]
[WhiteElo "1649"]
[BlackElo "1845"]
[PlyCount "46"]
[EventDate "2009.??.??"]

1. e4 c5 2. Nf3 e6 3. d4 cxd4 4. Nxd4 Bc5 5. c3 Qb6 6. Nd2 Bxd4 7. Nc4 Bxf2+ 8.
Ke2 Qc5 9. Nd6+ Kf8 10. g4 Nc6 11. b4 Qxc3 12. Rb1 Bb6 13. Nb5 Nd4+ 14. Nxd4
Qxd4 15. Qxd4 Bxd4 16. b5 b6 17. Ba3+ Ke8 18. Rc1 Bb7 19. Bg2 Be5 20. Rc4 f5
21. Rf1 f4 22. g5 Ne7 23. h4 a6 0-1

[Event "Stuttgarter Stadtmeisterschaft B-Turnier"]
[Site "Ditzingen"]
[Date "2009.05.23"]
[Round "5.26"]
[White "Wenzel, Ulrich"]
[Black "Fuss, Thomas"]
[Result "1-0"]
[WhiteElo "1649"]
[BlackElo "1819"]
[PlyCount "87"]
[EventDate "2009.??.??"]

1. d4 Nf6 2. Nf3 e6 3. e3 b6 4. Bd3 Bb7 5. Nbd2 c5 6. c3 d6 7. O-O Nbd7 8. Qe2
g6 9. e4 Bg7 10. Re1 cxd4 11. cxd4 O-O 12. Nf1 Qc7 13. Ng3 Rac8 14. Bd2 Qb8 15.
Rac1 Rxc1 16. Rxc1 Rc8 17. b4 Ne8 18. h3 Rxc1+ 19. Bxc1 Qc8 20. Bb2 a6 21. a4
Nb8 22. b5 a5 23. Nd2 Nd7 24. Nb3 e5 25. dxe5 Nxe5 26. Bb1 Qc4 27. Qxc4 Nxc4
28. Bxg7 Kxg7 29. Bc2 Nf6 30. f3 Nd7 31. Kf2 Nb2 32. Nd2 Nc5 33. Ne2 Nbxa4 34.
Nc4 d5 35. Nd6 Ba8 36. Ke3 dxe4 37. fxe4 Kf6 38. Kd4 Ne6+ 39. Kd3 Nac5+ 40. Ke3
Nd7 41. Nc3 Nec5 42. Nc4 Ke6 43. Kd4 Nb7 44. Nd5 1-0

[Event "Stuttgarter Stadtmeisterschaft B-Turnier"]
[Site "Ditzingen"]
[Date "2009.05.23"]
[Round "5.27"]
[White "Holschke, Christian"]
[Black "Zaytsev, Evgeny"]
[Result "1-0"]
[WhiteElo "1553"]
[BlackElo "1810"]
[PlyCount "55"]
[EventDate "2009.??.??"]

1. e4 e5 2. f4 d6 3. Bc4 Nf6 4. Nc3 c6 5. Nf3 b5 6. Bb3 b4 7. fxe5 Ng4 8. Ne2
Nxe5 9. O-O Nxf3+ 10. Rxf3 Be6 11. Ba4 Be7 12. d4 O-O 13. Qd3 c5 14. d5 Bd7 15.
Bxd7 Nxd7 16. Bf4 Ne5 17. Bxe5 dxe5 18. Raf1 Qb6 19. Kh1 Rad8 20. Ng3 g6 21.
Qd2 Rd6 22. Qh6 Rf6 23. Nh5 gxh5 24. Rxf6 Bxf6 25. Rxf6 Qb5 26. Qg5+ Kh8 27.
Qxe5 Qe2 28. Rxf7+ 1-0

[Event "Stuttgarter Stadtmeisterschaft B-Turnier"]
[Site "Ditzingen"]
[Date "2009.05.23"]
[Round "5.28"]
[White "Schnorr, Elke"]
[Black "Schmidt, Armin"]
[Result "1-0"]
[WhiteElo "1765"]
[BlackElo "1585"]
[PlyCount "71"]
[EventDate "2009.??.??"]

1. d4 Nf6 2. Nf3 g6 3. e3 Bg7 4. c4 O-O 5. Be2 d6 6. O-O Nbd7 7. Nc3 c5 8. a3
cxd4 9. exd4 a6 10. b4 b6 11. Qb3 h6 12. Bb2 Rb8 13. d5 Ng4 14. h3 Nge5 15. Nd4
Bb7 16. Rad1 Nf6 17. f4 Ned7 18. Nc6 Qe8 19. Nxb8 Qxb8 20. Bf3 Qc7 21. Rfe1 Re8
22. Ne4 Nxe4 23. Bxg7 Kxg7 24. Bxe4 Nf6 25. Bb1 Bc8 26. Qc3 Kh7 27. g4 Bb7 28.
Qd4 Ng8 29. f5 Nf6 30. Rd2 Bc8 31. fxg6+ fxg6 32. Rf2 Rf8 33. Qd3 Rg8 34. Rfe2
e5 35. dxe6 Qe7 36. Qd4 1-0

[Event "Stuttgarter Stadtmeisterschaft B-Turnier"]
[Site "Ditzingen"]
[Date "2009.05.23"]
[Round "5.29"]
[White "Zehring, Mathias"]
[Black "Cummings, Orlyn"]
[Result "1-0"]
[WhiteElo "1753"]
[BlackElo "1585"]
[PlyCount "89"]
[EventDate "2009.??.??"]

1. e4 d6 2. d4 Nf6 3. Nc3 g6 4. Bg5 c6 5. f4 Bg7 6. Nf3 O-O 7. Bd3 Nbd7 8. Qd2
c5 9. d5 a6 10. O-O b5 11. e5 Ne8 12. Rae1 f6 13. exd6 exd6 14. Bh4 Nc7 15. Ne4
Nxd5 16. Nxd6 Qb6 17. Nxc8 Raxc8 18. Bxg6 Nxf4 19. Bxh7+ Kxh7 20. Qxf4 Ne5 21.
Qf5+ Kg8 22. Bf2 Qc6 23. Nh4 Rcd8 24. Ng6 Nxg6 25. Qxg6 Rf7 26. Rd1 Rd5 27. Qe4
Rfd7 28. Rfe1 Qd6 29. Rxd5 Qxd5 30. Qxd5+ Rxd5 31. Be3 f5 32. b3 c4 33. Kf2 Kf7
34. Ke2 Re5 35. Kf3 Kg6 36. Rd1 cxb3 37. Rd6+ Kf7 38. cxb3 Re6 39. Rxe6 Kxe6
40. Bg5 Kf7 41. Kf4 Kg6 42. h4 a5 43. a4 bxa4 44. bxa4 Bc3 45. h5+ 1-0

[Event "Stuttgarter Stadtmeisterschaft B-Turnier"]
[Site "Ditzingen"]
[Date "2009.05.23"]
[Round "5.30"]
[White "Straub, Reiner"]
[Black "Geilfuß, Alexander"]
[Result "0-1"]
[WhiteElo "1736"]
[BlackElo "1555"]
[PlyCount "64"]
[EventDate "2009.??.??"]

1. e4 c6 2. f4 d5 3. e5 Bf5 4. Nf3 h6 5. d4 Nd7 6. Bd3 Bxd3 7. Qxd3 e6 8. O-O
Qb6 9. Kh1 Ne7 10. g4 c5 11. c3 Nc6 12. f5 O-O-O 13. fxe6 fxe6 14. Be3 Qxb2 15.
Nbd2 c4 16. Nxc4 dxc4 17. Qxc4 Re8 18. Qd3 Qa3 19. Rfb1 Nb6 20. Rb3 Qa5 21. Rb5
Qa4 22. Rab1 Qxa2 23. d5 Nxd5 24. Qg6 Nc7 25. Nd4 Nxd4 26. Bxd4 b6 27. R5b3 Qe2
28. c4 h5 29. g5 h4 30. Re3 Qxc4 31. Bb2 Qd5+ 32. Re4 Bc5 0-1

[Event "Stuttgarter Stadtmeisterschaft B-Turnier"]
[Site "Ditzingen"]
[Date "2009.05.23"]
[Round "5.31"]
[White "Riepert, Steffen"]
[Black "Ruff, Robert"]
[Result "0-1"]
[WhiteElo "1641"]
[BlackElo "1725"]
[PlyCount "72"]
[EventDate "2009.??.??"]

1. e4 e6 2. d4 d5 3. Nc3 Bb4 4. e5 c5 5. a3 Bxc3+ 6. bxc3 Ne7 7. Qg4 Qc7 8. Bg5
Nbc6 9. Bb5 Bd7 10. Bxc6 Bxc6 11. Bxe7 Qxe7 12. Qxg7 O-O-O 13. Qf6 Qc7 14. Ne2
Rhg8 15. g3 Bb5 16. Qf4 h5 17. Qd2 h4 18. Qe3 Rg4 19. Nf4 h3 20. f3 cxd4 21.
Qxd4 Rg5 22. Nd3 Bxd3 23. cxd3 Rxe5+ 24. Kd2 a6 25. f4 Rf5 26. Rhb1 Kb8 27. Rb6
e5 28. fxe5 Rxe5 29. Rab1 Rde8 30. c4 Kc8 31. Qg4+ f5 32. Qxh3 Re2+ 33. Kc3 d4+
34. Kxd4 Qg7+ 35. Kc5 Qc7+ 36. Kd4 Qe5# 0-1

[Event "Stuttgarter Stadtmeisterschaft B-Turnier"]
[Site "Ditzingen"]
[Date "2009.05.23"]
[Round "5.32"]
[White "Wilhelm, Jens"]
[Black "Yildiz, Serkan"]
[Result "0-1"]
[WhiteElo "1542"]
[BlackElo "1707"]
[PlyCount "56"]
[EventDate "2009.??.??"]

1. d4 Nf6 2. c4 c5 3. d5 b5 4. b3 g6 5. Bb2 Bg7 6. Qc2 bxc4 7. bxc4 d6 8. e3
Bf5 9. Bd3 Bxd3 10. Qxd3 Nbd7 11. Nf3 Rb8 12. Qc2 O-O 13. Nbd2 Rxb2 14. Qxb2
Nxd5 15. Qc1 Bxa1 16. Qxa1 Nb4 17. O-O Qa5 18. a4 Nb6 19. Nb3 Qa6 20. Rc1 Nxc4
21. a5 Nd3 22. Rc2 Rb8 23. Rc3 Nde5 24. Qf1 Nxf3+ 25. gxf3 Rb4 26. Nd2 d5 27.
e4 Qf6 28. Qd3 Qg5+ 0-1

[Event "Stuttgarter Stadtmeisterschaft B-Turnier"]
[Site "Ditzingen"]
[Date "2009.05.23"]
[Round "5.33"]
[White "Marx, Alexander"]
[Black "Spiegelberg, Silvia"]
[Result "0-1"]
[WhiteElo "1701"]
[BlackElo "1553"]
[PlyCount "98"]
[EventDate "2009.??.??"]

1. d4 Nf6 2. c4 e5 3. dxe5 Ng4 4. Nf3 Bc5 5. e3 Nc6 6. e6 fxe6 7. h3 Nf6 8. a3
a5 9. Nc3 b6 10. Bd3 Bb7 11. Ne4 Nxe4 12. Bxe4 Qf6 13. Rb1 Qe7 14. Bd2 O-O-O
15. Qc2 g6 16. O-O g5 17. Bc3 e5 18. Nxe5 Nxe5 19. Bxb7+ Kxb7 20. b4 Nxc4 21.
Bxh8 Nxa3 22. Qb2 Nxb1 23. Rxb1 Rxh8 24. bxc5 Qd8 25. cxb6 cxb6 26. Qb5 Ka7 27.
Rd1 d6 28. Qc6 Qb8 29. Rxd6 Rc8 30. Qd7+ Ka6 31. g3 Rc1+ 32. Kh2 Qb7 33. Rd1
Qxd7 34. Rxd7 a4 35. Rd2 a3 36. Ra2 Rc3 37. e4 b5 38. e5 b4 39. f4 gxf4 40.
gxf4 Re3 41. Kg2 Kb5 42. Kf2 Rxh3 43. e6 Kc6 44. Ra1 Kd6 45. f5 Rh5 46. Rd1+
Ke7 47. Rd7+ Ke8 48. Rd5 a2 49. Ra5 Rxf5+ 0-1

[Event "Stuttgarter Stadtmeisterschaft B-Turnier"]
[Site "Ditzingen"]
[Date "2009.05.23"]
[Round "5.35"]
[White "Prinz, Philipp"]
[Black "Penzkofer, Ralf"]
[Result "1/2-1/2"]
[WhiteElo "1532"]
[BlackElo "1662"]
[PlyCount "75"]
[EventDate "2009.??.??"]

1. d4 d5 2. c4 e6 3. Nc3 Nf6 4. Bg5 Be7 5. Nf3 O-O 6. e3 Nbd7 7. cxd5 exd5 8.
Bd3 c6 9. Qc2 Qc7 10. O-O h6 11. Bf4 Bd6 12. Nb5 cxb5 13. Qxc7 Bxc7 14. Bxc7 a6
15. Nd2 Nb8 16. b4 Nc6 17. a3 Be6 18. h3 Rac8 19. Bh2 Nd7 20. Nb3 f5 21. Rac1
Ne7 22. Bd6 Kf7 23. Na5 b6 24. Nb3 Rxc1 25. Rxc1 Rc8 26. Rxc8 Nxc8 27. Bh2 Ke7
28. f3 Nd6 29. Nd2 Nc4 30. Nxc4 bxc4 31. Bc2 Nf6 32. g4 fxg4 33. hxg4 Bg8 34.
Be5 Be6 35. Kf2 Kf7 36. Kg3 g5 37. Kf2 Ng8 38. Kg3 1/2-1/2

[Event "Stuttgarter Stadtmeisterschaft B-Turnier"]
[Site "Ditzingen"]
[Date "2009.05.23"]
[Round "5.36"]
[White "Schmidt, Heiko"]
[Black "Bay, Johannes"]
[Result "0-1"]
[WhiteElo "1493"]
[BlackElo "1650"]
[PlyCount "46"]
[EventDate "2009.??.??"]

1. d4 Nf6 2. Nf3 e6 3. Bf4 b6 4. e3 Bb7 5. Bd3 d6 6. Nbd2 Be7 7. Qe2 Nbd7 8.
Ba6 Bxa6 9. Qxa6 Nd5 10. Bg3 Nb4 11. Qa4 c5 12. c3 b5 13. Qb3 Nd5 14. Qxb5 Rb8
15. Qd3 Rxb2 16. Nb3 Qc8 17. c4 Nb4 18. Qc3 Rc2 19. Qd2 Rxd2 20. Nfxd2 Nc2+ 21.
Ke2 Nxa1 22. Rxa1 cxd4 23. exd4 O-O 0-1

[Event "Stuttgarter Stadtmeisterschaft B-Turnier"]
[Site "Ditzingen"]
[Date "2009.05.23"]
[Round "5.37"]
[White "Roß, Torsten"]
[Black "Brittschock-Schrall, Bärbel"]
[Result "1/2-1/2"]
[WhiteElo "1876"]
[BlackElo "1542"]
[PlyCount "44"]
[EventDate "2009.??.??"]

1. e4 c5 2. Nc3 Nc6 3. g3 g6 4. Bg2 Bg7 5. d3 e6 6. Be3 d6 7. f4 Nge7 8. Nf3 f5
9. O-O O-O 10. Qd2 Nd4 11. Nd1 Nxf3+ 12. Bxf3 Bd4 13. c3 Bxe3+ 14. Qxe3 Rb8 15.
Nf2 b5 16. Rfd1 Qb6 17. d4 cxd4 18. Qxd4 Qxd4 19. Rxd4 Rd8 20. Rad1 Rb6 21. e5
d5 22. R4d2 h5 1/2-1/2

[Event "Stuttgarter Stadtmeisterschaft B-Turnier"]
[Site "Ditzingen"]
[Date "2009.05.23"]
[Round "5.38"]
[White "Rühl, Volker"]
[Black "Klett, Hartmut"]
[Result "0-1"]
[WhiteElo "1873"]
[BlackElo "1638"]
[PlyCount "50"]
[EventDate "2009.??.??"]

1. e4 e6 2. d4 d5 3. Nd2 c5 4. exd5 exd5 5. Bb5+ Nc6 6. Qe2+ Be6 7. dxc5 Bxc5
8. Nb3 Bb6 9. Nf3 Nf6 10. c3 O-O 11. O-O Bg4 12. h3 Re8 13. Qd1 Bxf3 14. Qxf3
Ne4 15. Bf4 Qh4 16. Rad1 Ne5 17. Bxe5 Rxe5 18. Nd4 g6 19. Qd3 Rg5 20. Qf3 Rd8
21. Ba4 Rd6 22. Kh2 Rf6 23. g3 Bc7 24. Qg2 Rxf2 25. Rxf2 Bxg3+ 0-1

[Event "Stuttgarter Stadtmeisterschaft B-Turnier"]
[Site "Ditzingen"]
[Date "2009.05.23"]
[Round "5.40"]
[White "Florio, Antonio"]
[Black "Schäfer-Siebert, Carsten"]
[Result "1-0"]
[WhiteElo "1776"]
[BlackElo "1596"]
[PlyCount "45"]
[EventDate "2009.??.??"]

1. d4 Nf6 2. Nf3 g6 3. c4 Bg7 4. g3 O-O 5. Bg2 d6 6. O-O c6 7. Nc3 Bg4 8. e4
Qc7 9. h3 Bd7 10. Be3 e5 11. c5 exd4 12. cxd6 Qxd6 13. e5 Qb4 14. exf6 dxe3 15.
fxg7 Kxg7 16. fxe3 Qxb2 17. Qd4+ f6 18. Rab1 Qa3 19. Ne4 b6 20. Nxf6 Rxf6 21.
Ng5 Qe7 22. Ne4 Bf5 23. Nxf6 1-0

[Event "Stuttgarter Stadtmeisterschaft B-Turnier"]
[Site "Ditzingen"]
[Date "2009.05.23"]
[Round "5.41"]
[White "Schmitz, Harald"]
[Black "Awiszus, Thomas"]
[Result "1-0"]
[WhiteElo "1757"]
[BlackElo "1539"]
[PlyCount "84"]
[EventDate "2009.??.??"]

1. e4 g6 2. d4 Bg7 3. Nf3 d6 4. Bc4 Nf6 5. Nc3 O-O 6. O-O Nc6 7. Re1 Bg4 8. Be2
e5 9. d5 Ne7 10. Be3 Ne8 11. Qd2 f5 12. exf5 Nxf5 13. h3 Nxe3 14. Qxe3 Bd7 15.
Rad1 Nf6 16. Nh2 Qe7 17. Nb5 a6 18. Nxc7 Rac8 19. Ne6 Bxe6 20. dxe6 Rxc2 21.
Qb3 Rc5 22. Bf3 Rb5 23. Qa3 Rd8 24. Be2 Rc5 25. b4 Rc7 26. Qb3 d5 27. Nf3 Qxe6
28. Ng5 Qe7 29. Nf3 Kh8 30. Rc1 Rdc8 31. Rxc7 Rxc7 32. Bf1 e4 33. Nh2 Bh6 34.
Ng4 Nxg4 35. hxg4 Qe5 36. Rd1 d4 37. Qb2 Bg7 38. Rc1 Qf4 39. Rxc7 Qxc7 40. Qb1
d3 41. Qb3 Qc2 42. Qd5 Qc6 1-0

[Event "Stuttgarter Stadtmeisterschaft B-Turnier"]
[Site "Ditzingen"]
[Date "2009.05.23"]
[Round "5.42"]
[White "Mainik, Philipp"]
[Black "Hennig, Jan"]
[Result "1-0"]
[WhiteElo "1706"]
[BlackElo "1534"]
[PlyCount "69"]
[EventDate "2009.??.??"]

1. e4 d6 2. d4 Nf6 3. Nc3 g6 4. Nf3 Bg7 5. Be2 c5 6. e5 Ng4 7. dxc5 Nxe5 8.
cxd6 Nxf3+ 9. Bxf3 e5 10. O-O O-O 11. Be3 f5 12. Bd5+ Kh8 13. Nb5 Na6 14. f3 f4
15. Bf2 Rf5 16. Nxa7 Rg5 17. Nxc8 Qxc8 18. Bb6 Nb4 19. Be4 Qd7 20. Bc7 Nc6 21.
c3 h5 22. Kf2 Bf6 23. Qb3 Ra7 24. Qb5 Kg7 25. Qb6 Bd8 26. Bxd8 Qxd8 27. Qc7+
Qxc7 28. dxc7 Ne7 29. Rfd1 b6 30. Rd7 Kf6 31. Rxe7 Kxe7 32. c8=Q Rd7 33. a4 h4
34. a5 bxa5 35. Rxa5 1-0

[Event "Stuttgarter Stadtmeisterschaft B-Turnier"]
[Site "Ditzingen"]
[Date "2009.05.23"]
[Round "5.43"]
[White "Witt, Holger"]
[Black "Hahn, Lilli"]
[Result "0-1"]
[WhiteElo "1555"]
[BlackElo "1697"]
[PlyCount "56"]
[EventDate "2009.??.??"]

1. e4 d5 2. exd5 Nf6 3. d4 Qxd5 4. c4 Qd8 5. Nc3 Bf5 6. Nf3 Nbd7 7. Bd3 Bxd3 8.
Qxd3 e6 9. Bg5 Be7 10. O-O O-O 11. Rad1 c6 12. Ne5 Nb6 13. b3 Nfd7 14. Bxe7
Qxe7 15. Nxd7 Qxd7 16. Rd2 Rad8 17. Rfd1 Qe7 18. Qc2 Rd7 19. d5 cxd5 20. cxd5
exd5 21. Nxd5 Nxd5 22. Qc4 Rfd8 23. Kf1 Nb6 24. Rxd7 Rxd7 25. Qg4 Rxd1+ 26.
Qxd1 Qd7 27. Qe1 Qd3+ 28. Kg1 h6 0-1

[Event "Stuttgarter Stadtmeisterschaft B-Turnier"]
[Site "Ditzingen"]
[Date "2009.05.23"]
[Round "5.44"]
[White "Schiller, Anna-Katharina"]
[Black "Trobonjaca, Milos"]
[Result "1-0"]
[WhiteElo "1508"]
[BlackElo "1665"]
[PlyCount "171"]
[EventDate "2009.??.??"]

1. e4 c5 2. Nf3 Nc6 3. d4 e6 4. d5 Na5 5. dxe6 fxe6 6. c4 Ne7 7. Nc3 a6 8. Bf4
Ng6 9. Bd6 Be7 10. Na4 b6 11. Bxe7 Nxe7 12. Qd6 Nac6 13. Be2 O-O 14. O-O Bb7
15. Rfd1 Bc8 16. Rd2 Ra7 17. Rad1 Rb7 18. Ng5 Nd4 19. Nf3 Nxe2+ 20. Rxe2 Rf6
21. Red2 Nc6 22. Ne5 Nxe5 23. Qxe5 h6 24. Rd6 Qc7 25. Qc3 b5 26. cxb5 axb5 27.
Nxc5 Ra7 28. a3 Rf7 29. Qb4 Ra5 30. f3 Qa7 31. Qd4 Kh7 32. Nb3 Ra4 33. Qxa7
Rxa7 34. Rb6 Rb7 35. Rdd6 Re7 36. Nc5 Rc7 37. Rxb5 Ra7 38. a4 Kg6 39. b4 Kf6
40. f4 g5 41. g3 Rg7 42. Kf2 Ke7 43. Rd1 d6 44. Nb3 Rxa4 45. Ra1 Ra6 46. Rxa6
Bxa6 47. Ra5 Bc4 48. Ra7+ Kf6 49. e5+ dxe5 50. fxe5+ Kg6 51. Rxg7+ Kxg7 52. Nd4
Kf7 53. Ke3 Ke8 54. Nf3 Kd7 55. Kd4 Bd5 56. Ne1 Kc6 57. Nc2 Kb5 58. Kc3 Kb6 59.
Ne3 Bf3 60. Nc4+ Kc6 61. Ne3 Kb5 62. Nc2 Bd5 63. Nd4+ Kb6 64. Nc2 Kb5 65. Na3+
Kb6 66. Nc4+ Kc6 67. Nd6 h5 68. Kd4 Bb3 69. Ne4 Kb5 70. Nxg5 Kxb4 71. h3 Bd5
72. g4 hxg4 73. hxg4 Kb5 74. Nh7 Bf3 75. Nf6 Bd1 76. g5 Bc2 77. Ne4 Bd1 78.
Nc3+ Kc6 79. Nxd1 Kd7 80. Ke4 Ke7 81. g6 Kf8 82. Kf4 Kg7 83. Kg5 Kg8 84. Kf6
Kf8 85. g7+ Kg8 86. Nf2 1-0

[Event "Stuttgarter Stadtmeisterschaft B-Turnier"]
[Site "Ditzingen"]
[Date "2009.05.23"]
[Round "5.45"]
[White "Kreutz, Daniel"]
[Black "Baumann, Michaela"]
[Result "1/2-1/2"]
[WhiteElo "1663"]
[BlackElo "1413"]
[PlyCount "47"]
[EventDate "2009.??.??"]

1. e4 d5 2. exd5 Qxd5 3. Nc3 Qa5 4. d4 c6 5. Nf3 Nf6 6. Be2 Bg4 7. O-O Bxf3 8.
Bxf3 e6 9. Bf4 Nbd7 10. Qd3 Be7 11. Rfe1 O-O 12. Ne4 Nxe4 13. Rxe4 Bf6 14. Qb3
Qb6 15. c3 Rfe8 16. Be3 Qxb3 17. axb3 a6 18. Bg4 Bd8 19. Bf4 Nf6 20. f3 Nxe4
21. fxe4 Bb6 22. Kf1 Kh8 23. e5 Rf8 24. Ke2 1/2-1/2

[Event "Stuttgarter Stadtmeisterschaft B-Turnier"]
[Site "Ditzingen"]
[Date "2009.05.23"]
[Round "5.46"]
[White "Strauss, Martin"]
[Black "Matic, Marijo"]
[Result "1-0"]
[WhiteElo "1660"]
[BlackElo "1491"]
[PlyCount "79"]
[EventDate "2009.??.??"]

1. e4 c5 2. Nf3 d6 3. Bb5+ Bd7 4. Bxd7+ Qxd7 5. O-O Nc6 6. d3 g6 7. Bd2 Bg7 8.
Bc3 Nf6 9. a4 O-O 10. Qd2 Rac8 11. Na3 Rfe8 12. Nc4 b6 13. e5 Nd5 14. exd6 Nxc3
15. bxc3 exd6 16. Rfe1 d5 17. Nb2 Rxe1+ 18. Rxe1 Re8 19. Kf1 Ne5 20. Nxe5 Rxe5
21. d4 Rxe1+ 22. Kxe1 h6 23. dxc5 Qe7+ 24. Qe3 Qxe3+ 25. fxe3 Bxc3+ 26. Ke2
Bxb2 27. cxb6 axb6 28. Kd3 Be5 29. h3 f5 30. c4 Kf7 31. cxd5 Ke7 32. Kc4 Kd6
33. Kb5 Kxd5 34. Kxb6 Ke4 35. Kc5 f4 36. exf4 Bxf4 37. a5 Bg3 38. a6 g5 39. Kc6
h5 40. a7 1-0

[Event "Stuttgarter Stadtmeisterschaft B-Turnier"]
[Site "Ditzingen"]
[Date "2009.05.23"]
[Round "5.47"]
[White "Gibicar, Miran"]
[Black "Helmbrecht, Kurt"]
[Result "1/2-1/2"]
[WhiteElo "1438"]
[BlackElo "1657"]
[PlyCount "80"]
[EventDate "2009.??.??"]

1. d4 d5 2. Nf3 c5 3. e3 e6 4. c3 Nf6 5. Bd3 Nc6 6. Nbd2 Bd7 7. O-O Be7 8. dxc5
Bxc5 9. e4 dxe4 10. Nxe4 Be7 11. Qe2 Qc7 12. Rd1 O-O 13. Bg5 Nd5 14. Bxe7 Ncxe7
15. g3 f5 16. Neg5 Rf6 17. Ne5 h6 18. Nxd7 Qxd7 19. Bb5 Qc7 20. Nxe6 Qb6 21.
Nf4 Nxf4 22. gxf4 Kf8 23. Rd7 Ng6 24. Rad1 Re6 25. Qc4 a5 26. Qd4 Qxd4 27.
R7xd4 Nh4 28. Rd8+ Rxd8 29. Rxd8+ Ke7 30. Rd7+ Kf6 31. Kf1 Rb6 32. c4 Ng6 33.
Rd4 Ne7 34. f3 g5 35. h3 Ng6 36. fxg5+ hxg5 37. b3 Nf4 38. h4 Ke5 39. Rd2 gxh4
40. Rh2 Rh6 1/2-1/2

[Event "Stuttgarter Stadtmeisterschaft B-Turnier"]
[Site "Ditzingen"]
[Date "2009.05.23"]
[Round "5.48"]
[White "Wolf, Adam"]
[Black "Wolff, Cascal"]
[Result "1-0"]
[WhiteElo "1582"]
[BlackElo "1802"]
[PlyCount "75"]
[EventDate "2009.??.??"]

1. c4 c5 2. g3 Nc6 3. Bg2 d6 4. Nf3 g6 5. Nc3 Bg7 6. Rb1 Be6 7. d3 Qc8 8. Bd2
Nf6 9. a3 a5 10. Nb5 O-O 11. O-O Bd7 12. b4 axb4 13. axb4 Nxb4 14. Bxb4 cxb4
15. Rxb4 Bc6 16. Nfd4 Nd7 17. e3 Nc5 18. Nc3 Qd7 19. Nd5 Qd8 20. Nb6 Ra6 21.
Qb1 Qe8 22. Nd5 Qd7 23. Rc1 Rb8 24. Nxc6 Ra1 25. Qxa1 Bxa1 26. Nxb8 Qd8 27.
Rxa1 Qxb8 28. d4 e6 29. Ne7+ Kg7 30. dxc5 dxc5 31. Rxb7 Qe5 32. Raa7 Qc3 33.
Nc6 Qxc4 34. Rxf7+ Kh6 35. Rxh7+ Kg5 36. h4+ Kf5 37. Raf7+ Kg4 38. Ne5# 1-0

[Event "Stuttgarter Stadtmeisterschaft B-Turnier"]
[Site "Ditzingen"]
[Date "2009.05.23"]
[Round "5.49"]
[White "Naundorf, Jo-Jan"]
[Black "Giugno, Carmelo"]
[Result "1-0"]
[WhiteElo "1796"]
[BlackElo "1549"]
[PlyCount "63"]
[EventDate "2009.??.??"]

1. e4 e6 2. Nf3 d5 3. exd5 exd5 4. d4 c5 5. c4 Nf6 6. cxd5 Nxd5 7. dxc5 Qa5+ 8.
Bd2 Qxc5 9. Be2 Be7 10. O-O O-O 11. Nc3 Rd8 12. Ne4 Qb6 13. Qc2 Bf5 14. Bd3 Bg6
15. Ne5 Nc6 16. Nxg6 hxg6 17. a3 Rac8 18. Qb1 Nd4 19. Bg5 Nb3 20. Bxe7 Nxe7 21.
Ra2 f5 22. Ng5 Nd2 23. Qe1 Rxd3 24. Qxe7 Qf6 25. Qxb7 Rcd8 26. f4 Nxf1 27. Kxf1
Rd1+ 28. Ke2 R8d2+ 29. Kf3 Rd3+ 30. Ke2 Qf8 31. Ne6 Qe8 32. Qxg7# 1-0

[Event "Stuttgarter Stadtmeisterschaft B-Turnier"]
[Site "Ditzingen"]
[Date "2009.05.23"]
[Round "5.51"]
[White "Grunow, Carmen"]
[Black "Hirneise, Lothar"]
[Result "1/2-1/2"]
[WhiteElo "1486"]
[BlackElo "1714"]
[PlyCount "83"]
[EventDate "2009.??.??"]

1. e4 c5 2. Nf3 a6 3. d4 cxd4 4. Nxd4 Nf6 5. Nc3 e5 6. Nf3 Bb4 7. Bd3 Bxc3+ 8.
bxc3 d6 9. O-O O-O 10. Re1 Bg4 11. h3 Bh5 12. g4 Bg6 13. Nh4 Qc8 14. Nxg6 fxg6
15. Rb1 Nbd7 16. Ba3 Ne8 17. Re3 Kh8 18. Be2 Rb8 19. Bxd6 Nxd6 20. Qxd6 Rf6 21.
Qd2 Nc5 22. Qd5 Qc7 23. Rd1 Rf7 24. Qd6 Rc8 25. Qxc7 Rfxc7 26. Rd5 Re8 27. Bd3
Kg8 28. Bc4 Kh8 29. Bd3 g5 30. Rf3 h6 31. Rf5 Nd7 32. Rf7 Rd8 33. Rxe5 Nxe5 34.
Rxc7 Nxd3 35. cxd3 Rxd3 36. a4 Rxh3 37. Kg2 Rd3 38. e5 Kg8 39. e6 Kf8 40. Kf1
Rd6 41. e7+ Ke8 42. Rxb7 1/2-1/2

[Event "Stuttgarter Stadtmeisterschaft B-Turnier"]
[Site "Ditzingen"]
[Date "2009.05.23"]
[Round "5.52"]
[White "Philippin, Otto"]
[Black "Steimbach, Isabel"]
[Result "1/2-1/2"]
[WhiteElo "1697"]
[BlackElo "1510"]
[PlyCount "108"]
[EventDate "2009.??.??"]

1. f4 d5 2. Nf3 Nc6 3. e3 Nf6 4. Bb5 Bd7 5. b3 a6 6. Bxc6 Bxc6 7. Bb2 e6 8. Ne5
Be7 9. Nxc6 bxc6 10. Qe2 c5 11. c4 c6 12. Nc3 d4 13. Na4 O-O 14. O-O Rb8 15.
Qf3 dxe3 16. dxe3 Qc8 17. Rad1 Nd7 18. Ba3 Qc7 19. e4 f6 20. Qh3 f5 21. e5 Rf7
22. Qe3 Qa7 23. Rd3 a5 24. Rfd1 Bf8 25. Rd6 Bxd6 26. Rxd6 Re7 27. Qf3 Rc8 28.
Qf2 Qc7 29. Nxc5 Nxc5 30. Qxc5 Qa7 31. Qxa7 Rxa7 32. Rxe6 Kf7 33. Rd6 c5 34.
Rd5 Rac7 35. Kf2 Ke7 36. Ke3 Rc6 37. Kf3 h5 38. g3 Ke6 39. h3 g6 40. Bxc5 Rxc5
41. Rd6+ Kf7 42. g4 fxg4+ 43. hxg4 h4 44. Rd7+ Kg8 45. Ke4 R8c7 46. Rd3 Rh7 47.
Rh3 Kf7 48. f5 gxf5+ 49. gxf5 Rc8 50. Kd5 Rhh8 51. a3 Rhd8+ 52. Ke4 Rh8 53. Kd5
Rhd8+ 54. Ke4 Rh8 1/2-1/2